[Event "Copa Plaza Lama 2009"]
[Site "?"]
[Date "2009.09.26"]
[Round "1"]
[White "Duarte, Martires"]
[Black "Gomez, Jose"]
[Result "0-1"]
[WhiteElo "2175"]
[BlackElo "2156"]
[PlyCount "84"]
[EventDate "2009.10.12"]
[SourceDate "2009.10.12"]

1. e4 c5 2. Nf3 Nc6 3. Bb5 e5 4. Bxc6 dxc6 5. d3 Bd6 6. Bg5 f6 7. Be3 Ne7 8. c3
Be6 9. O-O O-O 10. Nbd2 b6 11. Re1 Kh8 12. d4 cxd4 13. cxd4 Ng6 14. Rc1 Rc8 15.
a3 Bb8 16. b4 h6 17. h3 Qd7 18. Nf1 Rfd8 19. Qc2 Bxh3 20. gxh3 Qxh3 21. Qd1
exd4 22. Bd2 c5 23. bxc5 bxc5 24. Rc4 Re8 25. Bc1 Bf4 26. Ng3 Bxg3 27. fxg3
Qxg3+ 28. Kf1 Ne5 29. Nxe5 fxe5 30. Ke2 Qg2+ 31. Kd3 Rf8 32. Re2 Qh3+ 33. Kd2
Rf3 34. Qg1 Rg3 35. Qh2 Rd3+ 36. Ke1 Qe6 37. Rec2 Qg4 38. Re2 Rf8 39. Bxh6 gxh6
40. Qxe5+ Kg8 41. Qd5+ Rf7 42. Qd8+ Kg7 0-1

[Event "Copa Plaza Lama 2009"]
[Site "?"]
[Date "2009.09.26"]
[Round "1"]
[White "Ramirez, Carlos"]
[Black "Vega, Lemay"]
[Result "0-1"]
[WhiteElo "2236"]
[BlackElo "2321"]
[PlyCount "54"]
[EventDate "2009.10.12"]
[SourceDate "2009.10.12"]

1. d4 Nf6 2. c4 g6 3. Nc3 d5 4. cxd5 Nxd5 5. e4 Nxc3 6. bxc3 Bg7 7. Bc4 c5 8.
Ne2 O-O 9. Be3 Nc6 10. O-O Qc7 11. Rc1 Rd8 12. f4 Bg4 13. d5 e6 14. h3 Na5 15.
Bd3 exd5 16. exd5 Rxd5 17. hxg4 Rad8 18. Nd4 cxd4 19. cxd4 Qd7 20. Qf3 Bxd4 21.
Bxd4 Rxd4 22. Bb1 Nc4 23. Rfe1 Nd2 24. Qg3 Qd6 25. Re5 Nc4 26. Rb5 Rxf4 27. Kh2
Nd2 0-1

[Event "Copa Plaza Lama 2009"]
[Site "?"]
[Date "2009.09.26"]
[Round "1"]
[White "Rodriguez, Jose"]
[Black "Subervi, Jonathan"]
[Result "1-0"]
[WhiteElo "2209"]
[BlackElo "2232"]
[PlyCount "55"]
[EventDate "2009.10.12"]
[SourceDate "2009.10.12"]

1. d4 d5 2. Nf3 Nf6 3. Bg5 c6 4. Nc3 Ne4 5. Nxe4 dxe4 6. Ng1 g6 7. Qd2 Qd5 8.
h4 Bg7 9. e3 e5 10. c4 Qd6 11. c5 Qd5 12. Ne2 O-O 13. Nc3 Qd7 14. Nxe4 f6 15.
Bc4+ Kh8 16. h5 fxg5 17. hxg6 h6 18. Nxg5 Qg4 19. Nf7+ Rxf7 20. Bxf7 Bf5 21.
dxe5 Nd7 22. Qd6 Qxg2 23. O-O-O Qe4 24. Bb3 Nxe5 25. Rxh6+ Bxh6 26. Qf6+ Bg7
27. Rd8+ Rxd8 28. Qxd8+ 1-0

[Event "Copa Plaza Lama 2009"]
[Site "?"]
[Date "2009.09.26"]
[Round "1"]
[White "Jimenez, Dario"]
[Black "Flaquer, Luis"]
[Result "0-1"]
[WhiteElo "2107"]
[BlackElo "2289"]
[PlyCount "46"]
[EventDate "2009.10.12"]
[SourceDate "2009.10.12"]

1. c4 Nf6 2. Nc3 g6 3. e4 e5 4. Nf3 Nc6 5. d4 exd4 6. Nxd4 Bb4 7. Nxc6 bxc6 8.
Qd4 Qe7 9. Be3 c5 10. Qd3 Nxe4 11. Be2 O-O 12. O-O Bxc3 13. bxc3 Bb7 14. Bf3
Rfe8 15. Rab1 Bc6 16. Bf4 d6 17. Rbe1 f5 18. Bxe4 Bxe4 19. Qg3 Qf7 20. Re3 Qxc4
21. Qh4 Bc6 22. Rh3 Qxf1+ 23. Kxf1 Bb5+ 0-1

[Event "Copa Plaza Lama 2009"]
[Site "?"]
[Date "2009.09.27"]
[Round "2"]
[White "Vega, Lemay"]
[Black "Alvarado, Nelson"]
[Result "1-0"]
[WhiteElo "2321"]
[BlackElo "2237"]
[PlyCount "89"]
[EventDate "2009.10.12"]
[SourceDate "2009.10.12"]

1. Nf3 d5 2. g3 Nd7 3. d4 Ngf6 4. Bg2 e6 5. c4 Bb4+ 6. Bd2 Qe7 7. O-O O-O 8.
Qc2 c5 9. cxd5 exd5 10. Bg5 b6 11. a3 Ba5 12. Nc3 Bxc3 13. bxc3 Qe6 14. a4 Ba6
15. Rfe1 Rac8 16. a5 Bc4 17. axb6 axb6 18. Qb2 Ne4 19. Be3 Ra8 20. Ng5 Nxg5 21.
Bxg5 Rxa1 22. Qxa1 cxd4 23. cxd4 Qc6 24. Qc3 h6 25. Bf4 Re8 26. f3 b5 27. e4
Qb6 28. Rb1 Nf6 29. e5 Nd7 30. Be3 Nb8 31. f4 Nc6 32. f5 b4 33. Qd2 b3 34. f6
gxf6 35. Bf2 fxe5 36. dxe5 Qc7 37. Qxh6 Qxe5 38. Qxc6 b2 39. Rxb2 Re6 40. Qa8+
Kg7 41. Qb8 Qc3 42. Rb1 Re2 43. Qf4 Rd2 44. Bh3 Be2 45. Qg5+ 1-0

[Event "Copa Plaza Lama 2009"]
[Site "?"]
[Date "2009.09.26"]
[Round "2"]
[White "Subervi, Jonathan"]
[Black "Montes de Oca, Alexis"]
[Result "0-1"]
[WhiteElo "2232"]
[BlackElo "2260"]
[PlyCount "98"]
[EventDate "2009.10.12"]
[SourceDate "2009.10.12"]

1. e4 c5 2. Nf3 d6 3. d4 cxd4 4. Nxd4 Nf6 5. Nc3 g6 6. Be3 Bg7 7. f3 O-O 8. Qd2
Nc6 9. Bc4 Bd7 10. Bb3 Rc8 11. O-O-O Ne5 12. h4 h5 13. Bg5 Rc5 14. g4 hxg4 15.
f4 Nc4 16. Qd3 b5 17. Ndxb5 Bxb5 18. Nxb5 Nxb2 19. Kxb2 Nxe4+ 20. Nd4 Nf2 21.
Qd2 Nxh1 22. Rxh1 Qb6 23. Rd1 Rfc8 24. Kb1 a5 25. f5 a4 26. fxg6 axb3 27. gxf7+
Kxf7 28. cxb3 Kg8 29. Qe3 Re5 30. Qf4 Qb7 31. Qxg4 Qe4+ 32. Qxe4 Rxe4 33. Nf5
Bf8 34. Rd2 Rc5 35. Ng3 Rg4 36. Rd3 e5 37. Nf5 e4 38. Rg3 Rxg3 39. Nxg3 d5 40.
Nf5 Rc3 41. Ne3 Rd3 42. Kc2 Bc5 43. Ng4 Kg7 44. a4 Rg3 45. Nf6 Rg2+ 46. Kd1 e3
47. Nh5+ Kf7 48. Nf4 Rd2+ 49. Kc1 Ba3+ 0-1

[Event "Copa Plaza Lama 2009"]
[Site "?"]
[Date "2009.09.26"]
[Round "2"]
[White "Flaquer, Luis"]
[Black "Ramirez, Carlos"]
[Result "1-0"]
[WhiteElo "2289"]
[BlackElo "2236"]
[PlyCount "61"]
[EventDate "2009.10.12"]
[SourceDate "2009.10.12"]

1. e4 e5 2. Nf3 Nf6 3. d4 Nxe4 4. Bd3 d5 5. dxe5 Nc5 6. Be2 Be7 7. O-O O-O 8.
Nc3 c6 9. Be3 Bg4 10. Nd4 Bxe2 11. Qxe2 Qd7 12. f4 f5 13. g4 g6 14. gxf5 Rxf5
15. Nxf5 Qxf5 16. Bxc5 Bxc5+ 17. Kh1 Na6 18. Rad1 Nc7 19. Rd3 Re8 20. Qg2 Ne6
21. Ne2 Nf8 22. Ng3 Qe6 23. Nh5 Re7 24. Nf6+ Kh8 25. Rh3 Rg7 26. Rg3 a6 27. f5
Qxe5 28. fxg6 Nxg6 29. Rh3 Qe7 30. Rxh7+ Rxh7 31. Qxg6 1-0

[Event "Copa Plaza Lama 2009"]
[Site "?"]
[Date "2009.09.26"]
[Round "2"]
[White "Duarte, Martires"]
[Black "Jimenez, Dario"]
[Result "1-0"]
[WhiteElo "2175"]
[BlackElo "2107"]
[PlyCount "89"]
[EventDate "2009.10.12"]
[SourceDate "2009.10.12"]

1. d4 Nf6 2. c4 e6 3. Nf3 b6 4. a3 Bb7 5. e3 Ne4 6. Nc3 Nxc3 7. bxc3 Be7 8. Bd3
d6 9. e4 Nd7 10. O-O e5 11. Rb1 O-O 12. Qe2 Re8 13. Ne1 Bf6 14. Nc2 Qe7 15. f3
g6 16. Be3 Bg7 17. Qf2 Rab8 18. a4 a5 19. c5 exd4 20. cxd4 dxc5 21. dxc5 Nxc5
22. Bxc5 bxc5 23. Bb5 Red8 24. Qe1 Ra8 25. Kh1 Qg5 26. f4 Qe7 27. e5 g5 28. Bc4
Bc6 29. fxg5 Qxg5 30. Ne3 Qxe5 31. Rxf7 Kh8 32. Nf5 Bf6 33. Qxe5 Bxe5 34. Nh6
Rd6 35. Re7 Rxh6 36. Rxe5 Rg6 37. Rb2 Rd8 38. h3 Bxa4 39. Ra2 Bc6 40. Rxc5 Rd1+
41. Kh2 Rc1 42. Rf2 Kg7 43. Rf7+ Kh6 44. g4 Rxc4 45. Rh5# 1-0

[Event "Copa Plaza Lama 2009"]
[Site "?"]
[Date "2009.09.26"]
[Round "2"]
[White "Rodriguez, Jose"]
[Black "Gomez, Jose"]
[Result "1-0"]
[WhiteElo "2209"]
[BlackElo "2156"]
[PlyCount "67"]
[EventDate "2009.10.12"]
[SourceDate "2009.10.12"]

1. e4 e5 2. Nc3 Nc6 3. f4 Bc5 4. fxe5 Nh6 5. Nf3 d6 6. d4 Bb6 7. Bg5 Qd7 8. Bb5
Qg4 9. Qd2 Bd7 10. O-O-O Ng8 11. h3 Qg3 12. Rhg1 Ba5 13. Rde1 Nge7 14. exd6
cxd6 15. e5 d5 16. Bh4 Qg6 17. Bxe7 Nxe7 18. Bxd7+ Kxd7 19. e6+ Kd8 20. Ng5
Bxc3 21. bxc3 fxe6 22. Rxe6 Qf5 23. g4 Qf8 24. Rge1 Nc6 25. Rxc6 Qa3+ 26. Kb1
bxc6 27. Ne6+ Kc8 28. Qf4 Qe7 29. Nc5 Qf6 30. Qg3 Rf8 31. g5 Qf7 32. Qd6 a5 33.
Qxc6+ Kb8 34. Nd7+ 1-0

[Event "Copa Plaza Lama 2009"]
[Site "?"]
[Date "2009.09.27"]
[Round "3"]
[White "Alvarado, Nelson"]
[Black "Flaquer, Luis"]
[Result "0-1"]
[WhiteElo "2237"]
[BlackElo "2289"]
[PlyCount "62"]
[EventDate "2009.10.12"]
[SourceDate "2009.10.12"]

1. e4 c5 2. c3 Nf6 3. e5 Nd5 4. d4 cxd4 5. Nf3 Nc6 6. Bc4 Nb6 7. Bb3 d5 8. exd6
Qxd6 9. cxd4 Be6 10. O-O Bxb3 11. Qxb3 Qd5 12. Qd3 e6 13. Nc3 Qd7 14. Qe4 Rd8
15. Be3 f5 16. Qh4 Bb4 17. d5 Nxd5 18. Nxd5 Qxd5 19. Rac1 Be7 20. Bg5 Rd7 21.
Rfe1 e5 22. Bxe7 Rxe7 23. Ng5 g6 24. h3 O-O 25. a3 Rfe8 26. Rc3 Qd4 27. Qh6 Kh8
28. Rec1 e4 29. b4 a6 30. Qh4 e3 31. Qxd4+ Nxd4 0-1

[Event "Copa Plaza Lama 2009"]
[Site "?"]
[Date "2009.09.27"]
[Round "3"]
[White "Jimenez, Dario"]
[Black "Rodriguez, Jose"]
[Result "0-1"]
[WhiteElo "2107"]
[BlackElo "2209"]
[PlyCount "110"]
[EventDate "2009.10.12"]
[SourceDate "2009.10.12"]

1. c4 e5 2. Nc3 Nf6 3. g3 d5 4. cxd5 Nxd5 5. Bg2 Be6 6. Nf3 Nc6 7. O-O Nb6 8.
d4 exd4 9. Nb5 Bc5 10. Bf4 Nd5 11. Rc1 Bb6 12. Bg5 f6 13. Nfxd4 Nxd4 14. Nxd4
Bxd4 15. Qxd4 O-O 16. Rfd1 c6 17. Bd2 Qb6 18. Qh4 Ne7 19. b3 Ng6 20. Qb4 Rfd8
21. Bc3 Rxd1+ 22. Rxd1 Qxb4 23. Bxb4 a5 24. Bc5 Ne5 25. f4 Nd7 26. Ba3 a4 27.
b4 Nb6 28. Rd2 Nc4 29. Rd3 Kf7 30. Kf2 Ke8 31. b5 Nxa3 32. Rxa3 cxb5 33. Bxb7
Rb8 34. Bc6+ Kf7 35. e4 Ke7 36. e5 fxe5 37. fxe5 Rb6 38. Be4 h6 39. Ke3 Ra6 40.
Bd3 Ra5 41. Bc2 Bc4 42. Kd4 Bf7 43. g4 Ra7 44. Ke3 Rc7 45. Bd3 Be8 46. Be4 b4
47. Rd3 Bf7 48. Rd4 Rc4 49. Rxc4 Bxc4 50. Bc2 b3 51. axb3 a3 52. Bb1 Bxb3 53.
Kf4 g5+ 54. Kf5 a2 55. Bxa2 Bc2# 0-1

[Event "Copa Plaza Lama 2009"]
[Site "?"]
[Date "2009.09.27"]
[Round "3"]
[White "Ramirez, Carlos"]
[Black "Duarte, Martires"]
[Result "0-1"]
[WhiteElo "2236"]
[BlackElo "2175"]
[PlyCount "64"]
[EventDate "2009.10.12"]
[SourceDate "2009.10.12"]

1. e4 c6 2. Nf3 d5 3. Nc3 d4 4. Ne2 c5 5. Ng3 Nc6 6. Bc4 e6 7. O-O h5 8. e5 g5
9. Bb5 Bd7 10. d3 g4 11. Bxc6 Bxc6 12. Ng5 Qd5 13. f3 Bg7 14. Nxf7 Kxf7 15.
fxg4+ Ke8 16. Ne4 Bxe5 17. g5 Ne7 18. Qe2 Kd7 19. Bf4 Bg7 20. Bd6 Nf5 21. Bxc5
Kc7 22. Rae1 Rad8 23. Bb4 b6 24. a4 Rd7 25. a5 Qb5 26. axb6+ axb6 27. Bd2 Ne3
28. Bxe3 dxe3 29. Nf6 Bxf6 30. gxf6 Qg5 31. h4 Qg3 32. f7 Rf8 0-1

[Event "Copa Plaza Lama 2009"]
[Site "?"]
[Date "2009.09.27"]
[Round "3"]
[White "Montes de Oca, Alexis"]
[Black "Vega, Lemay"]
[Result "1/2-1/2"]
[WhiteElo "2260"]
[BlackElo "2321"]
[PlyCount "60"]
[EventDate "2009.10.12"]
[SourceDate "2009.10.12"]

1. d4 d5 2. c4 c6 3. Nc3 Nf6 4. e3 e6 5. Nf3 Nbd7 6. Qc2 Bd6 7. e4 dxe4 8. Nxe4
Nxe4 9. Qxe4 Nf6 10. Qc2 Bb4+ 11. Bd2 Bxd2+ 12. Qxd2 O-O 13. Be2 Ne4 14. Qe3
Qa5+ 15. Nd2 Nxd2 16. Qxd2 Qc7 17. O-O e5 18. dxe5 Qxe5 19. Rfe1 Qf6 20. Rad1
Be6 21. Qd4 Qxd4 22. Rxd4 c5 23. Rd6 Rfd8 24. Red1 Rxd6 25. Rxd6 Kf8 26. f3 Ke7
27. Rd2 g5 28. Kf2 a5 29. Ke3 Ra6 30. Kd3 Rd6+ 1/2-1/2

[Event "Copa Plaza Lama 2009"]
[Site "?"]
[Date "2009.09.27"]
[Round "3"]
[White "Gomez, Jose"]
[Black "Subervi, Jonathan"]
[Result "0-1"]
[WhiteElo "2156"]
[BlackElo "2232"]
[PlyCount "122"]
[EventDate "2009.10.12"]
[SourceDate "2009.10.12"]

1. d4 Nf6 2. c4 e6 3. a3 c5 4. dxc5 Bxc5 5. b4 Be7 6. Bb2 O-O 7. Nf3 a5 8. b5
b6 9. g3 Bb7 10. Bg2 d6 11. O-O e5 12. Nc3 Nbd7 13. Rc1 Rc8 14. Qb3 Nc5 15. Qa2
Rc7 16. Rfd1 Qc8 17. h3 h6 18. Kh2 Qe6 19. Nd5 Nxd5 20. cxd5 Qg6 21. Nd2 Bg5
22. e3 Bd8 23. Rc4 f5 24. f4 exf4 25. exf4 Re8 26. Nf1 Re2 27. Rd2 Rxd2 28.
Nxd2 Re7 29. Rc2 Re3 30. Nf1 Re1 31. Bc3 Re8 32. Re2 Rxe2 33. Qxe2 Ne4 34. Qc4
Qf7 35. Ne3 Nxc3 36. Qxc3 g6 37. Qd3 Bf6 38. Nc4 Qc7 39. Qe2 Kg7 40. a4 Qc5 41.
Qe6 Bc8 42. Qe2 Bd7 43. Qd3 Kf7 44. h4 Ke7 45. Qe3+ Qxe3 46. Nxe3 Bd4 47. Nc4
Bc5 48. Bf3 Kf6 49. Bd1 Be8 50. Kg2 g5 51. Kh2 Bf7 52. hxg5+ hxg5 53. Bf3 Kg6
54. Nb2 Kh6 55. Nd3 Be3 56. Kh1 Kg6 57. Kh2 Kh6 58. Kh1 Bh5 59. Kg2 Bg4 60. Nb2
Bc5 61. Nc4 Kh5 0-1

[Event "Copa Plaza Lama 2009"]
[Site "?"]
[Date "2009.09.27"]
[Round "4"]
[White "Flaquer, Luis"]
[Black "Montes de Oca, Alexis"]
[Result "0-1"]
[WhiteElo "2260"]
[BlackElo "2289"]
[PlyCount "56"]
[EventDate "2009.10.12"]
[SourceDate "2009.10.12"]

1. Nf3 Nf6 2. g3 g6 3. Bg2 Bg7 4. O-O O-O 5. c4 c5 6. d4 cxd4 7. Nxd4 Nc6 8.
Nc3 Nxd4 9. Qxd4 d6 10. Qh4 Qa5 11. Bg5 Be6 12. Rac1 Rac8 13. b3 Rc5 14. Nd5
Bxd5 15. cxd5 Rxc1 16. Rxc1 Qxa2 17. Qb4 b6 18. Qa4 Qxe2 19. Qxa7 Qh5 20. Bxf6
Bxf6 21. Qxb6 Qe2 22. b4 Qd2 23. Rf1 Rc8 24. b5 Bd4 25. Qb7 Rc1 26. Rxc1 Qxc1+
27. Bf1 Qb2 28. Qc8+ Kg7 0-1

[Event "Copa Plaza Lama 2009"]
[Site "?"]
[Date "2009.09.27"]
[Round "4"]
[White "Subervi, Jonathan"]
[Black "Vega, Lemay"]
[Result "1/2-1/2"]
[WhiteElo "2232"]
[BlackElo "2321"]
[PlyCount "59"]
[EventDate "2009.10.12"]
[SourceDate "2009.10.12"]

1. e4 c5 2. Nc3 Nc6 3. Nf3 g6 4. d4 cxd4 5. Nxd4 Bg7 6. Nde2 Nf6 7. g3 O-O 8.
Bg2 d6 9. O-O Be6 10. Nd5 Bxd5 11. exd5 Ne5 12. Nd4 Qc7 13. Re1 Rfe8 14. f4
Ned7 15. c3 a6 16. Kh1 Nb6 17. Nc2 Rac8 18. h3 Nh5 19. Kh2 Nf6 20. Na3 Nc4 21.
Nxc4 Qxc4 22. Be3 b5 23. a3 Nd7 24. a4 Rb8 25. Bf1 Qc7 26. axb5 axb5 27. Ra7
Rb7 28. Rxb7 Qxb7 29. Qb3 Rb8 30. Ra1 1/2-1/2

[Event "Copa Plaza Lama 2009"]
[Site "?"]
[Date "2009.09.27"]
[Round "4"]
[White "Gomez, Jose"]
[Black "Jimenez, Dario"]
[Result "1-0"]
[WhiteElo "2156"]
[BlackElo "2107"]
[PlyCount "67"]
[EventDate "2009.10.12"]
[SourceDate "2009.10.12"]

1. d4 Nf6 2. c4 e6 3. g3 Bb4+ 4. Bd2 Bxd2+ 5. Nxd2 d6 6. Bg2 O-O 7. Ngf3 Nbd7
8. O-O Qe7 9. e3 b6 10. b4 Bb7 11. Qc2 c5 12. b5 Rfc8 13. Rfe1 Rc7 14. Qb2 Ne4
15. a4 Nxd2 16. Nxd2 Bxg2 17. Kxg2 f5 18. a5 Rf8 19. Ra3 h5 20. h4 e5 21. Nf3
cxd4 22. exd4 e4 23. Ng5 Rfc8 24. c5 dxc5 25. dxc5 Nxc5 26. Qa2+ Kh8 27. axb6
axb6 28. Ra8 g6 29. Qa3 Rxa8 30. Qxa8+ Kg7 31. Ra1 Ne6 32. Nxe6+ Qxe6 33. Qb8
Qd6 34. Ra7 1-0

[Event "Copa Plaza Lama 2009"]
[Site "?"]
[Date "2009.09.27"]
[Round "4"]
[White "Duarte, Martires"]
[Black "Alvarado, Nelson"]
[Result "1-0"]
[WhiteElo "2175"]
[BlackElo "2237"]
[PlyCount "53"]
[EventDate "2009.10.12"]
[SourceDate "2009.10.12"]

1. Nf3 d5 2. g3 Nd7 3. d4 Ngf6 4. Bg2 e6 5. O-O Be7 6. c4 O-O 7. cxd5 exd5 8.
Nc3 c5 9. dxc5 Nxc5 10. Bf4 Bg4 11. Nd4 Qd7 12. Qc2 Rfd8 13. Rfd1 Rac8 14. f3
Bh5 15. g4 Bg6 16. Qd2 Ne6 17. Be3 Bb4 18. Rac1 Qe7 19. g5 Ne8 20. f4 Nxd4 21.
Bxd4 Be4 22. Bh3 Nd6 23. a3 Nc4 24. Qe1 Bxc3 25. Qxc3 Nd6 26. Bxc8 Nxc8 27.
Qxc8 1-0

[Event "Copa Plaza Lama 2009"]
[Site "?"]
[Date "2009.09.27"]
[Round "4"]
[White "Rodriguez, Jose"]
[Black "Ramirez, Carlos"]
[Result "1-0"]
[WhiteElo "2209"]
[BlackElo "2236"]
[PlyCount "41"]
[EventDate "2009.10.12"]
[SourceDate "2009.10.12"]

1. Nf3 Nf6 2. d4 e6 3. Nc3 d5 4. Bg5 Be7 5. Bxf6 Bxf6 6. e4 c6 7. Bd3 Nd7 8.
Qe2 Nf8 9. exd5 cxd5 10. Bb5+ Ke7 11. O-O-O a6 12. Ba4 Qd6 13. g4 h6 14. h4 g6
15. Bb3 Qf4+ 16. Kb1 Kd6 17. g5 hxg5 18. hxg5 Rxh1 19. Rxh1 Bxg5 20. Qe5+ Qxe5
21. dxe5+ 1-0

[Event "Copa Plaza Lama 2009"]
[Site "?"]
[Date "2009.10.01"]
[Round "5"]
[White "Vega, Lemay"]
[Black "Flaquer, Luis"]
[Result "1-0"]
[WhiteElo "2321"]
[BlackElo "2289"]
[PlyCount "67"]
[EventDate "2009.10.12"]
[SourceDate "2009.10.12"]

1. e4 c5 2. Nf3 Nc6 3. d4 cxd4 4. Nxd4 e5 5. Nb5 d6 6. c4 Be7 7. N1c3 a6 8. Na3
f5 9. exf5 Bxf5 10. Bd3 Be6 11. O-O Nf6 12. Nc2 O-O 13. Ne3 b5 14. Ncd5 Nd4 15.
b3 Nxd5 16. Nxd5 Bxd5 17. cxd5 Bg5 18. Qh5 h6 19. Qg6 Bxc1 20. Qh7+ Kf7 21.
Raxc1 Qe7 22. Bg6+ Kf6 23. Bh5 e4 24. Rce1 Nf5 25. Qg6+ Ke5 26. Rxe4+ Kxe4 27.
Re1+ Kxd5 28. Bf3+ Kc5 29. Rxe7 Nxe7 30. b4+ Kxb4 31. Qxd6+ Ka4 32. Bd1+ Ka5
33. Qc7+ Kb4 34. a3+ {1-0 Vega,L (2321)-Flaquer,L (2289)/Copa Plaza Lama 2009
2009} 1-0

[Event "Copa Plaza Lama 2009"]
[Site "?"]
[Date "2009.10.01"]
[Round "5"]
[White "Jimenez, Dario"]
[Black "Subervi, Jonathan"]
[Result "1/2-1/2"]
[WhiteElo "2107"]
[BlackElo "2232"]
[PlyCount "76"]
[EventDate "2009.10.12"]
[SourceDate "2009.10.12"]

1. c4 e5 2. Nc3 Nf6 3. Nf3 Nc6 4. d4 exd4 5. Nxd4 Bb4 6. Nxc6 Bxc3+ 7. bxc3
bxc6 8. Bg5 h6 9. Bh4 g5 10. Bg3 O-O 11. e3 Ne4 12. Bd3 Nxg3 13. hxg3 Qf6 14.
Rc1 d6 15. Bb1 Bf5 16. Bxf5 Qxf5 17. Qh5 Qf6 18. Qxh6 Qxh6 19. Rxh6 Kg7 20. Rh5
Kg6 21. g4 Rab8 22. Rc2 f5 23. f4 gxf4 24. exf4 fxg4 25. Rg5+ Kf6 26. Kf2 c5
27. Kg3 Rfe8 28. Kxg4 Re4 29. Kf3 Rxc4 30. g4 a5 31. Rf5+ Kg6 32. Rg5+ Kf6 33.
Rf5+ Kg6 34. Rg5+ Kf6 35. Rh5 a4 36. Rh6+ Kg7 37. g5 Rf8 38. Rh4 d5 1/2-1/2

[Event "Copa Plaza Lama 2009"]
[Site "?"]
[Date "2009.10.01"]
[Round "5"]
[White "Ramirez, Carlos"]
[Black "Gomez, Jose"]
[Result "0-1"]
[WhiteElo "2236"]
[BlackElo "2156"]
[PlyCount "94"]
[EventDate "2009.10.12"]
[SourceDate "2009.10.12"]

1. e4 e5 2. Nf3 Nc6 3. d4 exd4 4. Nxd4 d6 5. Bc4 Nf6 6. O-O Be7 7. Nc3 O-O 8.
Bb3 Na5 9. Qe2 a6 10. Nd5 Nxd5 11. exd5 Bf6 12. Be3 Nxb3 13. axb3 Re8 14. Qf3
Be5 15. c3 Qh4 16. h3 g6 17. Ra4 Qe7 18. Qd1 Bd7 19. Ra1 Bg7 20. Qd2 Qh4 21. f3
Re5 22. Nc2 Qh5 23. Rad1 Rae8 24. Rfe1 Bf6 25. Bf4 Rxe1+ 26. Rxe1 Rxe1+ 27.
Nxe1 Qf5 28. Nc2 g5 29. Be3 h5 30. c4 g4 31. hxg4 hxg4 32. fxg4 Qxg4 33. Nd4
Be5 34. Nf3 Bg3 35. Bh6 Bf5 36. Qe3 Be4 37. Qg5+ Qxg5 38. Bxg5 c5 39. dxc6 bxc6
40. Bh4 Bxh4 41. Nxh4 a5 42. Nf3 Bxf3 43. gxf3 Kg7 44. Kf2 Kf6 45. Ke3 Kf5 46.
f4 Kg4 47. c5 d5 0-1

[Event "Copa Plaza Lama 2009"]
[Site "?"]
[Date "2009.10.01"]
[Round "5"]
[White "Alvarado, Nelson"]
[Black "Rodriguez, Jose"]
[Result "1-0"]
[WhiteElo "2237"]
[BlackElo "2209"]
[PlyCount "91"]
[EventDate "2009.10.12"]
[SourceDate "2009.10.12"]

1. e4 e6 2. d3 b6 3. Nf3 Bb7 4. Be2 d6 5. O-O Nd7 6. a4 a5 7. Nbd2 Ngf6 8. Re1
Be7 9. Bf1 O-O 10. d4 e5 11. c3 c5 12. dxc5 dxc5 13. Bb5 Qc7 14. Nc4 Rad8 15.
Bg5 h6 16. Bh4 Rfe8 17. Qc2 g5 18. Bg3 Bf8 19. Rad1 Bc6 20. Bxc6 Qxc6 21. Nfxe5
Nxe5 22. Nxe5 Rxd1 23. Qxd1 Qa8 24. Qf3 Re6 25. h4 Qe8 26. hxg5 hxg5 27. Qf5
Nh7 28. Nf3 Rf6 29. Qe5 Qxa4 30. Nxg5 Bd6 31. Qd5 Bxg3 32. fxg3 Qc2 33. Nf3
Qxb2 34. e5 Re6 35. Re4 Qc1+ 36. Kh2 Rh6+ 37. Nh4 Qg5 38. Rf4 Qe7 39. Rg4+ Kh8
40. Kg1 Rh5 41. Qa8+ Nf8 42. e6 Kh7 43. exf7 Qe1+ 44. Kh2 Rxh4+ 45. Rxh4+ Kg7
46. Rg4+ 1-0

[Event "Copa Plaza Lama 2009"]
[Site "?"]
[Date "2009.10.02"]
[Round "6"]
[White "Subervi, Jonathan"]
[Black "Flaquer, Luis"]
[Result "0-1"]
[WhiteElo "2232"]
[BlackElo "2289"]
[PlyCount "44"]
[EventDate "2009.10.12"]
[SourceDate "2009.10.12"]

1. e4 c5 2. Nf3 Nc6 3. Nc3 d6 4. d4 cxd4 5. Nxd4 Nf6 6. Bg5 g6 7. Bxf6 exf6 8.
Be2 Bg7 9. Ndb5 O-O 10. O-O f5 11. exf5 Bxf5 12. Nxd6 Bxc2 13. Qxc2 Nd4 14.
Nxf7 Qh4 15. Qd1 Rxf7 16. Bc4 Nf3+ 17. Qxf3 Qxc4 18. Qg3 b5 19. Rac1 Raf8 20.
Kh1 b4 21. b3 Qc6 22. Na4 Rxf2 0-1

[Event "Copa Plaza Lama 2009"]
[Site "?"]
[Date "2009.10.02"]
[Round "6"]
[White "Gomez, Jose"]
[Black "Alvarado, Nelson"]
[Result "1-0"]
[WhiteElo "2156"]
[BlackElo "2237"]
[PlyCount "109"]
[EventDate "2009.10.12"]
[SourceDate "2009.10.12"]

1. c4 Nf6 2. g3 e5 3. Bg2 Bc5 4. Nc3 c6 5. e3 Qe7 6. Nge2 d6 7. O-O h5 8. d4
Bb6 9. h4 e4 10. b4 Bg4 11. a4 O-O 12. a5 Bc7 13. Qc2 Qe6 14. Nf4 Qxc4 15. Re1
Nd5 16. Nfxd5 cxd5 17. Bf1 Qxb4 18. Ra4 Bxa5 19. Rxb4 Bxb4 20. Qb3 Nc6 21. Bd2
Be6 22. Bb5 a5 23. Qa4 Rfc8 24. Nb1 Bd7 25. Rc1 Be8 26. Kg2 g6 27. Be1 Kg7 28.
Nc3 Bxc3 29. Rxc3 Bd7 30. Rb3 Bg4 31. Rc3 Bf3+ 32. Kf1 Bg4 33. Bd2 Bh3+ 34. Ke1
Bg4 35. Be2 Bd7 36. Qa3 a4 37. Qxd6 Be6 38. Ra3 Kh7 39. Kf1 Na5 40. Ra1 Nb3 41.
Ra2 Nxd2+ 42. Rxd2 Rc1+ 43. Kg2 Rac8 44. Qb4 Ra1 45. Rd1 Ra2 46. Rd2 Ra1 47. g4
hxg4 48. Kg3 a3 49. Qxb7 Rcc1 50. Kf4 Kg7 51. Qe7 Rh1 52. Rc2 Rh2 53. Bxg4 Bxg4
54. Kxg4 a2 55. Qe5+ 1-0

[Event "Copa Plaza Lama 2009"]
[Site "?"]
[Date "2009.10.02"]
[Round "6"]
[White "Jimenez, Dario"]
[Black "Ramirez, Carlos"]
[Result "0-1"]
[WhiteElo "2107"]
[BlackElo "2236"]
[PlyCount "114"]
[EventDate "2009.10.12"]
[SourceDate "2009.10.12"]

1. c4 Nf6 2. Nc3 g6 3. e4 d6 4. d4 Bg7 5. Nf3 O-O 6. Be2 e5 7. O-O Nc6 8. d5
Ne7 9. b4 Nd7 10. Ba3 f5 11. Ng5 Nf6 12. Bf3 h6 13. Ne6 Bxe6 14. dxe6 Qc8 15.
exf5 gxf5 16. Nd5 Re8 17. Bh5 Nexd5 18. Bf7+ Kf8 19. cxd5 Re7 20. Rc1 Rxf7 21.
exf7 Kxf7 22. b5 Qd7 23. Qc2 Rc8 24. Rfd1 f4 25. f3 Ne8 26. Qd3 Bf6 27. g4 fxg3
28. hxg3 Ng7 29. Kg2 Nf5 30. g4 Rg8 31. Rh1 Bg5 32. Rh5 Nh4+ 33. Kh3 Ng6 34.
Rc4 Nf4+ 35. Rxf4+ exf4 36. Bb2 Ke8 37. Kg2 Kd8 38. Rh1 Re8 39. Bd4 Qe7 40. Rf1
Qe2+ 41. Qxe2 Rxe2+ 42. Rf2 Rxf2+ 43. Kxf2 Ke7 44. Ke2 Bf6 45. Kd3 Bxd4 46.
Kxd4 Kf6 47. Ke4 Kg5 48. a3 a5 49. bxa6 bxa6 50. a4 a5 51. Kd3 Kh4 52. Kd4 Kh3
53. Kc4 Kg3 54. Kb5 Kxf3 55. Kxa5 Kxg4 56. Kb4 f3 57. a5 f2 0-1

[Event "Copa Plaza Lama 2009"]
[Site "?"]
[Date "2009.10.02"]
[Round "6"]
[White "Rodriguez, Jose"]
[Black "Montes de Oca, Alexis"]
[Result "1/2-1/2"]
[WhiteElo "2209"]
[BlackElo "2260"]
[PlyCount "74"]
[EventDate "2009.10.12"]
[SourceDate "2009.10.12"]

1. Nf3 Nf6 2. d4 d5 3. c4 c6 4. Nc3 dxc4 5. a4 Bf5 6. e3 e6 7. Bxc4 Bb4 8. O-O
O-O 9. Qe2 Bg6 10. Ne5 Nbd7 11. Nxg6 hxg6 12. Rd1 Qe7 13. e4 e5 14. d5 cxd5 15.
Nxd5 Nxd5 16. Bxd5 Nb6 17. Bb3 Rad8 18. a5 Rxd1+ 19. Qxd1 Nd7 20. Qg4 Rd8 21.
Bg5 Nf6 22. Qh4 Bd2 23. Bxf6 Qxf6 24. Qh3 Bb4 25. Bd5 Bc5 26. Rf1 b6 27. axb6
Bxb6 28. Qb3 Rc8 29. g3 g5 30. Kg2 g6 31. Qd1 Kg7 32. Qe2 Bd4 33. Rd1 Rb8 34.
Rd2 Rb6 35. Rc2 Qe7 36. b3 Rd6 37. Qc4 Bb6 1/2-1/2